Μάνατζμεντ πολυχώρων πολιτισμού στην Ελλάδα : μεταπτυχιακή εργασία
Saved in:
| Main Author: | |
|---|---|
| Corporate Author: | |
| Other Authors: | |
| Format: | Thesis Book |
| Language: | Greek |
| Published: |
2002
|
| Subjects: | |
| Tags: |
Add Tag
No Tags, Be the first to tag this record!
|
MARC
| LEADER | 00000cam a2200000 i 4500 | ||
|---|---|---|---|
| 001 | 1/31064 | ||
| 008 | 030127s2002 gre d | ||
| 035 | |l 10069091 | ||
| 040 | |a GR-MY-UA |b gre |e aacr | ||
| 041 | 0 | |a gre | |
| 082 | 0 | |a 338.479109495 |2 (22) | |
| 100 | 1 | |a Μπόσκου, Ευφροσύνη. | |
| 245 | 1 | 0 | |a Μάνατζμεντ πολυχώρων πολιτισμού στην Ελλάδα : |b μεταπτυχιακή εργασία / |c Ευφροσύνη Μπόσκου ; επιβλέπων: Μαρούδας Λεωνίδας |
| 260 | |c 2002 | ||
| 300 | |a 106 σ. | ||
| 502 | # | # | |a Διατριβή (μεταπτυχιακή) – Πανεπιστήμιο Αιγαίου, Χίος, 2002. |
| 504 | |a Περιλαμβάνει βιβλιογραφία | ||
| 610 | 2 | 0 | |a Πανεπιστήμιο Αιγαίου. |
| 650 | 0 | 0 | |a Culture and tourism. |
| 650 | 0 | 0 | |a Tourism |x Management. |
| 650 | 0 | 0 | |a Leisure |x Management. |
| 650 | 0 | 0 | |a Heritage tourism. |
| 650 | 0 | 0 | |a Dissertations, Academic |z Greece. |
| 700 | 1 | |4 ths |a Μαρούδας, Λεωνίδας Ε. | |
| 710 | 2 | |a Πανεπιστήμιο Αιγαίου |b Σχολή Επιστημών της Διοίκησης |b Τμήμα Διοίκησης Επιχειρήσεων |b Πρόγραμμα Μεταπτυχιακών Σπουδών "Σχεδιασμός, Διοίκηση και Πολιτική του Τουρισμού". | |
| 852 | |a INST |b CHIOS |c DIATR |e 20030127 |h 338.479109495 ΜΠΟ |p 005200013524 |q 005200013524 |t MTXE |y 23 | ||
| 901 | |a BIBL2-2003-1 | ||
| 909 | |a Χ |b 102720 | ||
| 924 | |a ΜΠΟΣΚΟΥ |b ΕΥΦΡΟΣΥΝΗ |y ΧΙΟΣ |z 2003-01 | ||
| 970 | |a ΧΑΖΙΡΗ |b ΑΝΝΑ |z 2003/01/27 | ||